| 000 | 00770nam a2200253 a 4500 | ||
|---|---|---|---|
| 001 | 66281 | ||
| 003 | BD-RjUL | ||
| 005 | 20211209081523.0 | ||
| 008 | 170315s1986 cou b 001 0 eng | ||
| 020 |
_a0813370884 (pbk. : alk. paper) : _c$13.95 |
||
| 035 | _a(BD-RjUL)66411 | ||
| 040 |
_aDLC _cDLC _beng |
||
| 041 | _aeng | ||
| 082 | 0 | 0 |
_a152.46 _223 _bSOC 1986 |
| 245 | 0 | 0 |
_aSociophobics : _bthe anthropology of fear / _cedited by David L. Scruton. |
| 260 |
_aBoulder : _bWestview Press, _c1986. |
||
| 300 |
_ax, 194 p. ; _c23 cm. |
||
| 504 | _aBibliography: p. 185-194. | ||
| 650 | 0 |
_aFear. _9196173 |
|
| 650 | 0 |
_aFear _xSocial aspects. _9196174 |
|
| 650 | 0 |
_aFear _xCross-cultural studies. _9196175 |
|
| 700 | 1 |
_aScruton, David L., _d1928- _9196176 |
|
| 942 |
_2ddc _cBK |
||
| 999 |
_c66281 _d66281 |
||